LEADER 01076cam0-22003731i-450- 001 990000751350403321 005 20060217131037.0 035 $a000075135 035 $aFED01000075135 035 $a(Aleph)000075135FED01 035 $a000075135 100 $a20020821d1875----km-y0itay50------ba 101 1 $aita$ceng 102 $aIT 105 $aaf------001yy 200 1 $aTrigonometria sferica$econ molti esempi$fdi I. Todhunter$gversione dall'inglese di Vito Eugenio 210 $aNapoli$cPellerano$d1875 215 $a167 p.$cill.$d21 cm 610 0 $aTrigonometria sferica 700 1$aTodhunter,$bIsaac$f<1820-1884>$037424 702 1$aEugenio,$bVito 801 0$aIT$bUNINA$gRICA$2UNIMARC 901 $aBK 912 $a990000751350403321 952 $aRARI B 400$b3429$fFARBC 952 $a221-B-32$b03773$fMA1 952 $a206-G-29-BIS$b892$fMA1 952 $a206-G-29$b0365$fMA1 952 $a220-H-13$b03760$fMA1 952 $a220-H-15$b03755$fMA1 959 $aFARBC 959 $aMA1 996 $aTrigonometria sferica$9320845 997 $aUNINA LEADER 01102nam0-22003251i-450- 001 990004284410403321 005 20050412102435.0 010 $a3-525-33438-9 035 $a000428441 035 $aFED01000428441 035 $a(Aleph)000428441FED01 035 $a000428441 100 $a19990604d1979----km-y0itay50------ba 101 0 $aita 105 $ay-------001yy 200 1 $aKLASSEN in der europaischen sozialgeschichte, Neun Beitrage von Heinz- Gerhard$fEric J. Hobsbawm ...[et al.]$ghrsg. von Hans-Ulrich Wehler 210 $aGottingen$cVandenhoeck und Ruprecht$d1979 215 $a280 p.$d19 cm 225 1 $aKleine Vandenhoeck-Reihe$v1456 676 $a305.51$v21$zita 702 1$aHaupt,$bHeinz-Gerhard$f<1943- > 702 1$aHobsbawm,$bEric John$f<1917-2012> 702 1$aWehler,$bHans-Ulrich$f<1931- > 801 0$aIT$bUNINA$gRICA$2UNIMARC 901 $aBK 912 $a990004284410403321 952 $a305.51 HAU 1$bIst.St.r.c.2622$fFLFBC 959 $aFLFBC 996 $aKLASSEN in der europaischen sozialgeschichte, Neun Beitrage von Heinz- Gerhard$9489825 997 $aUNINA LEADER 01446nam0 22002771i 450 001 VAN0053563 005 20060927120000.0 010 $a88-86796-01-3 100 $a20060927d1996 |0itac50 ba 101 $aita 102 $aIT 105 $a|||| ||||| 200 1 $aAtti del 3. Colloquio dell'associazione italiana per lo studio e la conservazione del mosaico ...$eBordighera, 6-10 dicembre 1995$fAISCOM, associazione italiana per lo studio e la conservazione del mosaico$ga cura di Federico Guidobaldi e Alessandra Guiglia Guidobaldi 210 $aBordighera$cIstituto internazionale di studi liguri$d[1996] 215 $aVII, 747 p.$cill.$d24 cm. 620 $dBordighera$3VANL001185 702 1$aGuidobaldi$bFederico$3VANV035553 702 1$aGuiglia Guidobaldi$bAlessandra$3VANV042258 710 02$aAISCOM$3VANV035552$0427197 712 $aIstituto internazionale di studi liguri$3VANV111304$4650 801 $aIT$bSOL$c20230616$gRICA 912 $aVAN0053563 950 $aBIBLIOTECA DEL DIPARTIMENTO DI LETTERE E BENI CULTURALI$d07CONS D Ravenna 1995 $e07DP 1133 20060927 950 $aBIBLIOTECA DEL DIPARTIMENTO DI LETTERE E BENI CULTURALI$d07CONS D Ravenna 1995 $e07DP 2449 20110504 996 $aAtti del 3. Colloquio dell'Associazione italiana per lo studio e la conservazione del mosaico ..$9729506 997 $aUNICAMPANIA